000 01033am a2200373a 44500
003 AR-BaBNM
005 20251128203959.0
008 145119s1990 #AR|||||||||||000 | esp||
020 _a84-254-1706-6
040 _cAR-BaBNM
100 1 _aTreml, Alfred K.
245 1 0 _aIntroducción a la pedagogía general
260 _aBarcelona
_bHerder
_c1990
300 _a244 p.
_bgráfs.
500 _aVersión castellana de Claudio Gancho
500 _aIndice de autores p. 233-235
500 _aIndice analítico p. 237-244
500 _aGlosario p. 221-223
504 _aBibliografía p. 225-232
650 4 _aTEORIAS DE LA EDUCACION
650 4 _aPROCESO COGNOSCITIVO
650 4 _aPROCESO DE APRENDIZAJE
650 4 _aCAPACIDAD
650 4 _aESPECIE HUMANA
650 4 _aCAMBIO CULTURAL
650 4 _aCAMBIO SOCIAL
650 4 _aINDIVIDUO
650 4 _aSIGLO VEINTE
650 4 _aPOLITICA EDUCATIVA
653 _aPROBLEMAS EDUCATIVOS
653 _aORIENTACION EDUCATIVA
942 _cBK
998 _cCarmen
999 _c5697
_d5697